| 000 | 00552nam a2200157 4500 | ||
|---|---|---|---|
| 001 | 5736 | ||
| 003 | Uk | ||
| 020 |
_a9781444784763 _q |
||
| 100 | 0 |
_aGyalwang Drukpa _bXII, _d1963- _eauthor. |
|
| 245 | 1 | 0 |
_aHappiness is a state of mind : _bhow to create space for happiness in your life / _cHis Holiness Gyalwang Drukpa with Kate Adams. |
| 264 | 1 |
_aLondon : _bYellow Kite, _c2014. |
|
| 336 |
_atext _2rdacontent. |
||
| 650 | 0 |
_aHappiness _xReligious aspects _xBuddhism. |
|
| 650 | 0 |
_aMeditation _xBuddhism. |
|
| 700 | 1 |
_aAdams, Kate _c(Health publisher), _econtributor. |
|
| 999 |
_c4847 _d4847 |
||